000
00292nam a22001337a 4500
008
171018b xxu||||| |||| 00| 0 eng d
020
_a
1884731112
041
_a
eng
080
_2
2ND
_a
338
100
_a
53
101
_a
MEN
245
_a
THE TEAM HANDBOOK
_c
SCHOLTES,P.R
942
_2
udc
_c
BK
999
_c
34656
_d
34656